Final 2018/19 English Premier league Table - Statistics

General Stats
  • This quiz has been taken 203 times
  • The average score is 12 of 20
Answer Stats
Hint Answer % Correct
1st Manchester City
100%
2nd Liverpool
98%
3rd Chelsea
94%
4th Tottenham
92%
5th Arsenal
90%
6th Manchester United
88%
7th Wolves
70%
8th Everton
64%
9th Leicester City
58%
10th West Ham United
50%
19th Fulham
45%
20th Huddersfield Town
44%
18th Cardiff City
40%
11th Watford
38%
12th Crystal Palace
36%
17th Brighton
35%
14th Bournemouth
32%
13th Newcastle United
31%
16th Southampton
30%
15th Burnley
29%
No matching quizzes found
Score Distribution
Percent of People with Each Score
Percentile by Number Answered
Your Score History
You have not taken this quiz